Repensar la democracia : los núcleos de intervención participativa / Peter C. Dienel, Hans Harms los núcleos de intervención participativa / Peter C. Dienel, Hans Harms
Descripción Física:
220 p. ; 24 cm
Colección:
Res pública ; 5
Otros Autores:
Harms, Hans
Materias:
Democràcia
MARC
| LEADER | 00000nam a2200000Ia 4500 | ||
|---|---|---|---|
| 001 | 12534 | ||
| 008 | 160829s2000 xx 000 0 cat d | ||
| 080 | |a M-1-264 | ||
| 100 | |a Dienel, Peter C. |9 27772 | ||
| 245 | |a Repensar la democracia : |b los núcleos de intervención participativa / Peter C. Dienel, Hans Harms | ||
| 260 | |a Barcelona : |b Diputació de Barcelona, Patronat Flor de Maig : |b Ediciones del Serbal, |c 2000 | ||
| 300 | |a 220 p. ; |c 24 cm | ||
| 490 | |a Res pública ; 5 | ||
| 650 | 0 | |a Democràcia |9 27773 | |
| 700 | |a Harms, Hans |9 27774 | ||
| 710 | |a Flor de Maig |9 54173 | ||
| 901 | |a Arxiu | ||
| 942 | |n 1 | ||
| 952 | |0 0 |1 0 |4 0 |6 M1264 |7 1 |9 44543 |a Arxiu |b Arxiu |d 2016-12-01 |l 0 |o M-1-264 |p 12534 |r 2016-12-01 00:00:00 |w 2016-12-01 |y ARXIU | ||
| 999 | |c 47124 |d 47124 | ||